| 000 | 00377nam a22001577a 4500 | ||
|---|---|---|---|
| 005 | 20160530104902.0 | ||
| 008 | 160530b xxu||||| |||| 00| 0 eng d | ||
| 020 | _a81-7722-754-8 | ||
| 041 | _aeng | ||
| 082 | _b5992 | ||
| 100 |
_aHoyer, Wayne D & others _91493 |
||
| 245 | _aConsumer Behaviour | ||
| 260 |
_aNew Delhi _bBigtantra, |
||
| 650 |
_aManagement _9241 |
||
| 942 | _cBK | ||
| 999 |
_c2113 _d2112 |
||